Greek sculpture /

Saved in:
Bibliographic Details
Main Author: Lullies, Reinhard, 1907-
Other Authors: Hirmer, Max
Format: Book
Language:English
Published: London : Thames and Hudson, 1960.
Edition:Rev. and enl. [2nd] ed.
Subjects:
LEADER 01003nam a2200253 a 4500
001 c000302605
003 CARM
005 20061111043319.0
008 840827s1960 0 eng d
019 1 |a 69846973  |5 LACONCORD2021 
035 |a (OCoLC)1268108890  |5 LACONCORD2021 
050 0 0 |a NB90.L813 1957 
082 0 4 |a 733.3 
100 1 |a Lullies, Reinhard,  |d 1907- 
245 1 0 |a Greek sculpture /  |c text and notes by Reinhard Lullies ; photographs by Max Hirmer ; translated from the German by Michael Bullock. 
250 |a Rev. and enl. [2nd] ed. 
260 |a London :  |b Thames and Hudson,  |c 1960. 
300 |a 115 p. :  |b 282 plates (some col, tipped-in.) ;  |c 31 cm. 
504 |a Bibliography: p. 112-113. 
650 0 |a Sculpture, Greek. 
700 1 0 |a Hirmer, Max. 
852 8 |b CARM  |h A3:AK36D0  |i E02134  |p 0547018  |f BK 
999 f f |i 92b8afa0-6b60-58b0-920e-dbc4f5aa1117  |s 01113ea9-abbf-5e3e-a504-7c145c60330c 
952 f f |p Can circulate  |a CAVAL  |b CAVAL  |c CAVAL  |d CARM 1 Store  |e E02134  |f A3:AK36D0  |h Other scheme  |i book  |m 0547018